00520nam a2200121Ia 4500008004100000245018800041260002400229260000900253300000800262650002300270650001200293856009300305170516s9999 xx 000 0 und d a- LAA Occluder View for post-implantation Evaluation (LOVE) - standardized imaging proposal evaluating implanted left atrial appendage occlusion devices by cardiac computed tomography bBMC Medical Imaging c2016 a16: xMedical Technology xMedtech uhttp://bmcmedimaging.biomedcentral.com/articles?query=&volume=16&searchType=&tab=keyword